000 00500nam a2200193Ia 4500
003 BUBTL
008 151213s9999 xx 000 0 und d
082 _a677RAW
100 _a Rayner,Hollins
_91128
245 _aWaste Silk Spinning
260 _aIndia
_bAbhishek Publications
_cc2004
300 _a[xv],158p.
_bills.
_c21cm.
650 _aTextiles
650 _aTextiles
700 _a Rayner,Hollins
_91129
856 _k0
_l0
_yDownload
942 _2ddc
_cBK
999 _c3938
_d3938